00458 a2200169 450000100060000002000060000604000370001210000170004924000400006624500350010630000080014136200090014965000170015894200070017595200890018299900170027174299 a  cAnchieta - Colégio São Paulo aWalty, Ivete10aTeoria da Literatura na escolalpor10aTeoria da Literatura na escola a1160 a1992 4aEducação cBK 00104070a88.1b88.1d2023-11-22l0p4859/CSPr2023-11-22 14:31:10w2023-11-22yBK c74299d74299